| 000 | 01245nam a22003735b 4500 | ||
|---|---|---|---|
| 999 |
_c44920 _d44920 |
||
| 001 | Mimo0000416181 | ||
| 003 | CO-MdFUSB | ||
| 005 | 20180510114629.0 | ||
| 008 | 941011s1994 sp | ||| ||spa | ||
| 017 |
_aB 11977-1994 _bOficina Depósito Legal Barcelona |
||
| 020 | _a8448701585 | ||
| 040 |
_aSpMaBN _bspa _cCO-MdFUSB _erdc _dCO-MdFUSBC |
||
| 041 | 1 |
_aspa _hlat |
|
| 080 | 0 | _a52(035.3)"15" | |
| 082 |
_223 _a109 _bG752 |
||
| 100 | 1 |
_aCopernicus, Nicolaus _d1473-1543 |
|
| 240 | 1 | 0 | _aDe revolutionibus orbium coelestium |
| 245 |
_aGrandes obras del pensamiento: sobre las revoluciones _c/ Nicolás Copérnico ; [traducción, estudio preliminar y notas, Carlos Mínguez Pérez] _b: |
||
| 264 | 1 |
_aAltaya _bBarcelona _c[1987] |
|
| 264 | 4 | _c©1994 | |
| 300 |
_aLXIX, 465 páginas ; _bilustraciones : _c21 cm. |
||
| 336 |
_2rdacontent _atexto _btxt |
||
| 337 |
_2rdamedia _asin mediación _bn |
||
| 338 |
_2rdacarrier _avolumen _bnc |
||
| 440 | 0 | _v39 | |
| 500 | _aÍndice | ||
| 505 | _aSobre las revoluciones | ||
| 650 | 7 |
_aAstronomía _vObras anteriores a 1800 |
|
| 700 | 1 |
_aMínguez Pérez, Carlos _etraductor |
|
| 942 | _cREF | ||
| 956 | _a1 2 | ||